| 000 | 01002 a2200217 4500 | ||
|---|---|---|---|
| 020 | _a0471476021 | ||
| 040 |
_aDLC _bDLC |
||
| 082 | 0 | 0 | _a511/.1 |
| 100 | 1 | _aEnsley, Douglas E. | |
| 245 | 1 | 0 |
_aDiscrete mathematics : mathematical reasoning and proof with puzzles, patterns, and games _bmathematical reasoning and proof with puzzles, patterns, and games _cDouglas E. Ensley, J. Winston Crawley. |
| 260 |
_aHoboken, NJ : _bWiley, _cc2006. |
||
| 300 |
_axii, 691 p. : _bcol. ill. ; _c26 cm. |
||
| 650 | 0 | _aLogic, Symbolic and mathematical. | |
| 650 | 0 | _aMathematical recreations. | |
| 650 | 0 |
_aComputer science _xMathematics. |
|
| 700 | 1 | _aCrawley, J. Winston. | |
| 856 | 4 | 1 |
_3Table of contents only _uhttp://www.loc.gov/catdir/toc/ecip0514/2005017417.html |
| 856 | 4 | 1 |
_3Publisher description _uhttp://www.loc.gov/catdir/enhancements/fy0622/2005017417-d.html |
| 856 | 4 | 1 |
_3Contributor biographical information _uhttp://www.loc.gov/catdir/enhancements/fy0653/2005017417-b.html |
| 942 |
_cBK _k511.1 ENS _2ddc |
||
| 999 |
_c7396 _d7396 |
||